| Tag |
First Indicator |
Second Indicator |
Subfields |
| LEADER |
00000cas a2200000 a 4500 |
| 001 |
in00000037393 |
| 005 |
20151007074248.0 |
| 008 |
800305c19809999nyuqr1p 0 a0eng d |
| 010 |
|
|
|a 81643336
|z sn 80009100
|
| 022 |
0 |
|
|a 0199-6231
|
| 030 |
|
|
|a JSEEDO
|
| 032 |
|
|
|a 525010
|b USPS
|
| 035 |
|
|
|a (OCoLC)ocm06054906
|
| 035 |
|
|
|a (OCoLC)06054906
|
| 035 |
|
|
|9 AAF1220AM
|
| 037 |
|
|
|b A.S.M.E., United Engineering Center, 345 E. 47th St., New York, NY 10017
|
| 040 |
|
|
|a NSD
|c NSD
|d COO
|d NSD
|d IUL
|d DLC
|d NST
|d DLC
|d NST
|d OCL
|d NST
|d DLC
|d NST
|d DLC
|d SER
|d AIP
|d NST
|d AIP
|d NST
|d AIP
|d NST
|d DLC
|d NSD
|d NST
|d DLC
|d NSD
|d MYG
|d OCLCQ
|d UtOrBLW
|
| 042 |
|
|
|a lc
|a nsdp
|
| 049 |
|
|
|a TXAM
|
| 050 |
0 |
0 |
|a TJ810
|b .T69
|
| 082 |
0 |
|
|a 621.47/05
|2 19
|
| 210 |
0 |
|
|a J. sol. energy eng.
|
| 222 |
|
0 |
|a Journal of solar energy engineering
|
| 245 |
0 |
0 |
|a Journal of solar energy engineering.
|
| 264 |
|
1 |
|a New York, N.Y. :
|b American Society of Mechanical Engineers,
|c [1980-]
|
| 264 |
|
4 |
|c ©1980-
|
| 300 |
|
|
|a volumes :
|b illustrations ;
|c 29 cm.
|
| 310 |
|
|
|a Quarterly
|
| 336 |
|
|
|a text
|b txt
|2 rdacontent
|
| 337 |
|
|
|a unmediated
|b n
|2 rdamedia
|
| 338 |
|
|
|a volume
|b nc
|2 rdacarrier
|
| 362 |
0 |
|
|a [Vol. 102, no. 1] (Feb. 1980)-
|
| 490 |
1 |
|
|a Transactions of the ASME
|
| 500 |
|
|
|a Title from cover.
|
| 510 |
2 |
|
|a Chemical abstracts
|x 0009-2258
|
| 530 |
|
|
|a Beginning 2000, full-text articles also available via the World Wide Web by subscription, in HTML, PDF, and PostScript formats. Tables of contents for 1996-1999 also available in HTML.
|
| 650 |
|
0 |
|a Solar energy
|v Periodicals.
|
| 710 |
2 |
|
|a American Society of Mechanical Engineers.
|
| 776 |
1 |
|
|t Journal of solar energy engineering (Online)
|x 1528-8986
|w (DLC) 00214255
|w (OCoLC)43548452
|
| 830 |
|
0 |
|a Transactions of the ASME (1959)
|
| 850 |
|
|
|a AAP
|a AU
|a ArU
|a AzTeS
|a AzU
|a CLU-P
|a CSt
|a CU-A
|a CU-SB
|a CaAEU
|a CaMWU
|a CaOLU
|a CaOTU
|a CaOWA
|a CaOWtU
|a CaSSU
|a CoFS
|a CoU
|a CtU
|a CtY-KS
|a DBS
|a DGW
|a DLC
|a DNAL
|a DeU
|a FMU
|
| 850 |
|
|
|a FU
|a ICIU
|a ICJ
|a ICarbS
|a IU
|a IaU
|a InLP
|a KU
|a MBU
|a MMeT
|a MU
|a MdU
|a MiDW
|a MiEM
|a MnU
|a MoSW
|a MsSM
|a MsU
|a NIC
|a NRU
|a NcD
|a NcRS
|a NhU
|a NjP
|a NjR
|a NmLcU
|
| 850 |
|
|
|a OCU
|a OU
|a OkS
|a PPD
|a PPF
|a PPi
|a PSt
|a PU
|a RPB-S
|a ScCleU
|a ScU
|a TU
|a TxDaM
|a TxLT
|a TxU
|a ULA
|a UU
|a ViBlbV
|a ViU
|a WM
|a WU-E
|a WyU
|
| 936 |
|
|
|a Feb. 1980
|
| 949 |
|
|
|a AM_DB_MFHD URL added
|b h
|c 2003/8/20
|e bsurratt
|f 2:56:57 pm
|
| 994 |
|
|
|a E0
|b TXA
|
| 999 |
|
|
|a MARS
|
| 999 |
f |
f |
|s 0cd3c6f5-6559-334c-b22a-da3afc794084
|i 1df2e1d8-363d-3b6b-894b-fe79fa340ea7
|t 0
|
| 952 |
f |
f |
|p ric
|a Texas A&M University
|b Rellis Campus
|c Joint Library Facility
|d Remote Storage
|t 0
|e TJ810 .J86
|h Library of Congress classification
|i unmediated -- volume
|k v.119
|l 1997
|m A14823515885
|
| 952 |
f |
f |
|p ric
|a Texas A&M University
|b Rellis Campus
|c Joint Library Facility
|d Remote Storage
|t 0
|e TJ810 .J86
|h Library of Congress classification
|i unmediated -- volume
|k v.124
|l 2002
|m A14830953214
|
| 952 |
f |
f |
|p ric
|a Texas A&M University
|b Rellis Campus
|c Joint Library Facility
|d Remote Storage
|t 0
|e TJ810 .J86
|h Library of Congress classification
|i unmediated -- volume
|k v.111
|l 1989
|m A14812097573
|
| 952 |
f |
f |
|p ric
|a Texas A&M University
|b Rellis Campus
|c Joint Library Facility
|d Remote Storage
|t 0
|e TJ810 .J86
|h Library of Congress classification
|i unmediated -- volume
|k v.108
|l 1986
|m A14811431198
|
| 952 |
f |
f |
|p ric
|a Texas A&M University
|b Rellis Campus
|c Joint Library Facility
|d Remote Storage
|t 0
|e TJ810 .J86
|h Library of Congress classification
|i unmediated -- volume
|k v.126:no.3-4
|l 2004:Aug.-Nov.
|m A14832885750
|
| 952 |
f |
f |
|p ric
|a Texas A&M University
|b Rellis Campus
|c Joint Library Facility
|d Remote Storage
|t 0
|e TJ810 .J86
|h Library of Congress classification
|i unmediated -- volume
|k v.128:no.4
|l 2006:Nov.
|m A14837286325
|
| 952 |
f |
f |
|p ric
|a Texas A&M University
|b Rellis Campus
|c Joint Library Facility
|d Remote Storage
|t 0
|e TJ810 .J86
|h Library of Congress classification
|i unmediated -- volume
|k v.107
|l 1985
|m A14812219581
|
| 952 |
f |
f |
|p ric
|a Texas A&M University
|b Rellis Campus
|c Joint Library Facility
|d Remote Storage
|t 0
|e TJ810 .J86
|h Library of Congress classification
|i unmediated -- volume
|k v.114
|l 1992
|m A14817207759
|
| 952 |
f |
f |
|p ric
|a Texas A&M University
|b Rellis Campus
|c Joint Library Facility
|d Remote Storage
|t 0
|e TJ810 .J86
|h Library of Congress classification
|i unmediated -- volume
|k v.120
|l 1998
|m A14824945685
|
| 952 |
f |
f |
|p ric
|a Texas A&M University
|b Rellis Campus
|c Joint Library Facility
|d Remote Storage
|t 0
|e TJ810 .J86
|h Library of Congress classification
|i unmediated -- volume
|k v.104 -105
|l 1982-1983
|m A14812122271
|
| 952 |
f |
f |
|p ric
|a Texas A&M University
|b Rellis Campus
|c Joint Library Facility
|d Remote Storage
|t 0
|e TJ810 .J86
|h Library of Congress classification
|i unmediated -- volume
|k v.110
|l 1988
|m A14811931596
|
| 952 |
f |
f |
|p ric
|a Texas A&M University
|b Rellis Campus
|c Joint Library Facility
|d Remote Storage
|t 0
|e TJ810 .J86
|h Library of Congress classification
|i unmediated -- volume
|k v.129
|l 2007
|m A14837286333
|
| 952 |
f |
f |
|p ric
|a Texas A&M University
|b Rellis Campus
|c Joint Library Facility
|d Remote Storage
|t 0
|e TJ810 .J86
|h Library of Congress classification
|i unmediated -- volume
|k v.102 -103
|l 1980-1981
|m A14816604885
|
| 952 |
f |
f |
|p ric
|a Texas A&M University
|b Rellis Campus
|c Joint Library Facility
|d Remote Storage
|t 0
|e TJ810 .J86
|h Library of Congress classification
|i unmediated -- volume
|k v.109
|l 1987
|m A14811431245
|
| 952 |
f |
f |
|p ric
|a Texas A&M University
|b Rellis Campus
|c Joint Library Facility
|d Remote Storage
|t 0
|e TJ810 .J86
|h Library of Congress classification
|i unmediated -- volume
|k v.121
|l 1999
|m A14827261991
|
| 952 |
f |
f |
|p ric
|a Texas A&M University
|b Rellis Campus
|c Joint Library Facility
|d Remote Storage
|t 0
|e TJ810 .J86
|h Library of Congress classification
|i unmediated -- volume
|k v.126:no.1-2
|l 2004:Feb.-May
|m A14832884110
|
| 952 |
f |
f |
|p ric
|a Texas A&M University
|b Rellis Campus
|c Joint Library Facility
|d Remote Storage
|t 0
|e TJ810 .J86
|h Library of Congress classification
|i unmediated -- volume
|k v.106:no.2-4
|l 1984:May-Nov.
|m A14834622108
|
| 952 |
f |
f |
|p ric
|a Texas A&M University
|b Rellis Campus
|c Joint Library Facility
|d Remote Storage
|t 0
|e TJ810 .J86
|h Library of Congress classification
|i unmediated -- volume
|k v.132
|l 2010
|m A14842041031
|
| 952 |
f |
f |
|p serial
|a Texas A&M University
|b Rellis Campus
|c Joint Library Facility
|d Remote Storage
|t 0
|e TJ810 .J86
|h Library of Congress classification
|i unmediated -- volume
|k v.113
|l 1991
|m A14815530669
|
| 952 |
f |
f |
|p ric
|a Texas A&M University
|b Rellis Campus
|c Joint Library Facility
|d Remote Storage
|t 0
|e TJ810 .J86
|h Library of Congress classification
|i unmediated -- volume
|k v.130:no.1-3
|l 2008:Feb.-Aug.
|m A14838837488
|
| 952 |
f |
f |
|p ric
|a Texas A&M University
|b Rellis Campus
|c Joint Library Facility
|d Remote Storage
|t 0
|e TJ810 .J86
|h Library of Congress classification
|i unmediated -- volume
|k v.128:no.1-3
|l 2006:Feb.-Aug.
|m A14835101008
|
| 952 |
f |
f |
|p ric
|a Texas A&M University
|b Rellis Campus
|c Joint Library Facility
|d Remote Storage
|t 0
|e TJ810 .J86
|h Library of Congress classification
|i unmediated -- volume
|k v.131
|l 2009
|m A14838986431
|
| 952 |
f |
f |
|p ric
|a Texas A&M University
|b Rellis Campus
|c Joint Library Facility
|d Remote Storage
|t 0
|e TJ810 .J86
|h Library of Congress classification
|i unmediated -- volume
|k v.127
|l 2005
|m A14833470087
|
| 952 |
f |
f |
|p ric
|a Texas A&M University
|b Rellis Campus
|c Joint Library Facility
|d Remote Storage
|t 0
|e TJ810 .J86
|h Library of Congress classification
|i unmediated -- volume
|k v.122
|l 2000
|m A14828590254
|
| 952 |
f |
f |
|p ric
|a Texas A&M University
|b Rellis Campus
|c Joint Library Facility
|d Remote Storage
|t 0
|e TJ810 .J86
|h Library of Congress classification
|i unmediated -- volume
|k v.112
|l 1990
|m A14812954165
|
| 952 |
f |
f |
|p ric
|a Texas A&M University
|b Rellis Campus
|c Joint Library Facility
|d Remote Storage
|t 0
|e TJ810 .J86
|h Library of Congress classification
|i unmediated -- volume
|k v.117
|l 1995
|m A14819930112
|
| 952 |
f |
f |
|p ric
|a Texas A&M University
|b Rellis Campus
|c Joint Library Facility
|d Remote Storage
|t 0
|e TJ810 .J86
|h Library of Congress classification
|i unmediated -- volume
|k v.118
|l 1996
|m A14823515932
|
| 952 |
f |
f |
|p ric
|a Texas A&M University
|b Rellis Campus
|c Joint Library Facility
|d Remote Storage
|t 0
|e TJ810 .J86
|h Library of Congress classification
|i unmediated -- volume
|k v.125
|l 2003
|m A14832156842
|
| 952 |
f |
f |
|p ric
|a Texas A&M University
|b Rellis Campus
|c Joint Library Facility
|d Remote Storage
|t 0
|e TJ810 .J86
|h Library of Congress classification
|i unmediated -- volume
|k v.116
|l 1994
|m A14819170568
|
| 952 |
f |
f |
|p ric
|a Texas A&M University
|b Rellis Campus
|c Joint Library Facility
|d Remote Storage
|t 0
|e TJ810 .J86
|h Library of Congress classification
|i unmediated -- volume
|k v.115
|l 1993
|m A14818419367
|
| 952 |
f |
f |
|p ric
|a Texas A&M University
|b Rellis Campus
|c Joint Library Facility
|d Remote Storage
|t 0
|e TJ810 .J86
|h Library of Congress classification
|i unmediated -- volume
|k v.123
|l 2001
|m A14829267498
|
| 998 |
f |
f |
|a TJ810 .J86
|s v.131-132 (2009-2010)
|t 0
|l Remote Storage
|